000 00288nam a2200133Ia 4500
100 _aProductivity Development Team
942 _cBK
245 _aJust in time for operators
260 _b#N/A
_c1998
082 _a658
_bPDT
300 _a71
546 _aENGLISH
_cInfo.Tech
999 _c25923
_d25923